Os 15 principais países com mortes por Covid19 - 12 de janeiro 2022 - Statistics

Estatísticas Gerais
  • Esse quiz foi jogado 22 vezes
  • A pontuação média é 13 de 27
Estatísticas das Respostas
país % Correto
Brasil
100%
Estados Unidos
100%
México
95%
Rússia
90%
Alemanha
86%
França
86%
Itália
86%
Reino Unido
81%
Argentina
76%
Índia
71%
Colômbia
67%
Polônia
67%
Indonésia
48%
Peru
38%
Hungria
29%
Irão
29%
Lituânia
29%
Bulgária
19%
Croácia
19%
Romênia
19%
Armênia
14%
Bósnia e Herzegovina
14%
Eslováquia
14%
Eslovénia
14%
Geórgia
14%
Chéquia
10%
Macedónia do Norte
10%
Nenhum quiz correspondente encontrado
Distribuição das Pontuações
Porcentagem de Pessoas com Cada Pontuação
Percentil de Números Respondidos
Sua Pontuação Histórica
Você não jogou esse quiz